000 00466nam a2200145Ia 4500
003 OSt
005 20260121142522.0
008 211028s2015 xx 000 0 und d
040 _cAIMIT LIBRARY
041 _aeng
100 _aD'Souza, Adina Irol; Wright, Rowena.
_g1316005
_97279
245 _aStudy on based iii capital requirement for public sector bank at corporation bank headoffice Mangalore /
260 _aMangalore
_bRowena Wright
_c2015
942 _2ddc
_cPRO
999 _c218849
_d218849